00710nam a2200241 a 4500001001300000003000900013005001700022008004100039020001000080082001500090100001900105245004000124260004800164300000900212500003500221505001700256650003100273700001900304902000800323942000700331952011500338999001500453nice12345678IN_TiNIC20260116011429.0050524s1963 laha grp 000 0 urd  ac10000a270.3bKHU aKhurshid, Alam aTawarikh-I-Kalisiya-I-Romatul Kubra aLahorebPunjab Religious Booksociety c1963 a192p aincludes index and biblioraphy2 abibliography aChurch-History Middle Ages1 aKhurshid, Alam bSRS cBK 001040708StackRoom-aHMIbHMId2007-07-17g100.00l0o270.3 KHUp02191r2007-07-17v100.00w2005-05-24yBK c1457d1457